Statistics for Главни градови Европе

Click here to take the quiz!

General Stats

  • This quiz has been taken 4 670 times
  • The average score is 34 of 44

Answer Stats

ДржаваГлавни град% Correct
АлбанијаТирана
96%
Босна и ХерцеговинаСарајево
96%
АустријаБеч
95%
ГрчкаАтина
95%
ИталијаРим
93%
БугарскаСофија
93%
СрбијаБеоград
92%
ВатиканВатикан
90%
ФранцускаПариз
89%
РусијаМосква
89%
НемачкаБерлин
89%
ХрватскаЗагреб
88%
Уједињено КраљевствоЛондон
87%
Црна ГораПодгорица
86%
АндораАндора ла Веља
86%
ШпанијаМадрид
85%
МађарскаБудимпешта
83%
МонакоМонако
82%
СловенијаЉубљана
82%
Северна МакедонијаСкопље
82%
Сан МариноСан Марино
82%
ДанскаКопенхаген
81%
БелгијаБрисел
80%
УкрајинаКијев
79%
ЧешкаПраг
78%
РумунијаБукурешт
78%
НорвешкаОсло
78%
БелорусијаМинск
77%
ПортугалЛисабон
77%
ЛуксембургЛуксембург
77%
ХоландијаАмстердам
76%
ШвајцарскаБерн
76%
ИрскаДаблин
75%
ПољскаВаршава
72%
СловачкаБратислава
70%
ИсландРејкјавик
65%
ЛетонијаРига
62%
ШведскаСтокхолм
60%
ФинскаХелсинки
58%
ЕстонијаТалин
53%
МалтаВалета
51%
МолдавијаКишињев
43%
ЛихтенштајнВадуц
37%
ЛитванијаВиљнус
37%

Score Distribution

Percentile by Number Answered

Percent of People with Each Score

Your Score History

You have not taken this quiz